[Event "HUN-chT2 Erkel 1718"]
[Site "Hungary"]
[Date "2018.03.04"]
[Round "9.7"]
[White "Klenoczky, Sandor"]
[Black "Balazs, Csaba"]
[Result "1/2-1/2"]
[WhiteElo "1851"]
[BlackElo "1837"]
[PlyCount "48"]
[EventDate "2017.09.24"]
[EventType "team-tourn"]
[EventRounds "11"]
[EventCountry "HUN"]
[SourceTitle "EXT 2021"]
[Source "ChessBase"]
[SourceDate "2020.10.23"]
[SourceVersion "1"]
[SourceVersionDate "2020.10.23"]
[SourceQuality "1"]
[WhiteTeam "Salgotarjan"]
[BlackTeam "Andornaktalya"]
[WhiteTeamCountry "HUN"]
[BlackTeamCountry "HUN"]

1. e4 c5 2. Nf3 Nc6 3. d4 cxd4 4. Nxd4 a6 5. Bc4 e6 6. 0-0 Qc7 7. c3 Nf6 8. Bd3 Be7 9. Be3 b6 10. Nd2 b5 11. a4 b4 12. c4 Bb7 13. f3 h6 14. Qe2 Bd6 15. g3 0-0 16. N2b3 Be7 17. Rfd1 d6 18. Nxc6 Bxc6 19. a5 Nd7 20. Nd4 Bb7 21. Qd2 Rab8 22. Nb3 Ne5 23. Qe2 Nd7 24. Rac1 Nc5 1/2-1/2

[Event "HUN-chT2 Erkel 1516"]
[Site "Hungary"]
[Date "2015.11.29"]
[Round "5.11"]
[White "Klenoczky, Sandor"]
[Black "Geher, Koppany"]
[Result "1/2-1/2"]
[WhiteElo "1852"]
[BlackElo "1529"]
[PlyCount "152"]
[EventDate "2015.09.13"]
[EventType "team-tourn"]
[EventRounds "11"]
[EventCountry "HUN"]
[SourceTitle "CBM 170 Extra"]
[Source "ChessBase"]
[SourceDate "2016.02.25"]
[SourceVersion "1"]
[SourceVersionDate "2016.02.25"]
[SourceQuality "1"]
[WhiteTeam "Salgotarjan"]
[BlackTeam "Budapest MTK II"]
[WhiteTeamCountry "HUN"]
[BlackTeamCountry "HUN"]

1. e4 e6 2. d4 d5 3. exd5 exd5 4. Nf3 Bd6 5. Bd3 Nc6 6. c3 Nge7 7. Bg5 f6 8. Bh4 Bg4 9. Bg3 Qd7 10. Nbd2 h5 11. h3 Bf5 12. Qe2 Bxg3 13. fxg3 0-0-0 14. 0-0-0 Rhe8 15. Rhe1 Bxd3 16. Qxd3 Nf5 17. Nh4 Nxh4 18. gxh4 Re6 19. Qf5 Rxe1 20. Qxd7+ Kxd7 21. Rxe1 Re8 22. Rxe8 Kxe8 23. g4 g6 24. Nf1 Kf7 25. Ng3 hxg4 26. hxg4 Ne7 27. Kd2 Kg7 28. Ke3 g5 29. h5 c6 30. a4 a5 31. b4 b6 32. Kd3 Kh7 33. b5 cxb5 34. axb5 Nc8 35. Nf5 Na7 36. Nd6 f5 37. Nxf5 Nxb5 38. Ne3 Nc7 39. c4 dxc4+ 40. Kxc4 b5+ 41. Kc5 Ne6+ 42. Kd5 Nf4+ 43. Kc6 b4 44. Kb5 b3 45. Nd1 Ne6 46. d5 Nc7+ 47. Kc4 a4 48. d6 Ne8 49. d7 Nd6+ 50. Kb4 Nb7 51. Ka3 Kg7 52. Nc3 Kf7 53. Nxa4 Ke7 54. Kxb3 Nd8 55. Kc4 Kxd7 56. Kd5 Nf7 57. Nc5+ Ke7 58. Ne4 Nh6 59. Nf2 Kf6 60. Ke4 Ke6 61. Kf3 Nf7 62. Ke3 Ke5 63. Ne4 Nh6 64. Kf3 Nf7 65. Nc5 Nh6 66. Nd7+ Kd6 67. Nf8 Ke5 68. Ng6+ Kf6 69. Nf8 Kg7 70. Nd7 Kf7 71. Ne5+ Kf6 72. Nc6 Ke6 73. Nd4+ Kf6 74. Nc2 Ke5 75. Ne3 Ke6 76. Nf5 Nxg4 1/2-1/2